| 000 | 00498nam a22001811a 4500 | ||
|---|---|---|---|
| 001 | 5783 | ||
| 003 | OSt | ||
| 005 | 20260204212028.0 | ||
| 008 | 060210s1975||||dr ||||||b||||||||||spa|| | ||
| 050 | _aRD 972.9358 R618n | ||
| 100 | _aRodríguez Demorizi, Emilio | ||
| 245 | _aNoticias de Puerto Plata / Emilio Rodríguez Demorizi | ||
| 264 | _aSanto Domingo : Educativa | ||
| 300 | _a260 p | ||
| 490 | _aSociedad Dominicana de Geografía | ||
| 650 | _a1.Historia - Puerto PlataÌ | ||
| 942 |
_2ddc _cBK |
||
| 999 |
_c5783 _d5783 |
||